000 00373nam a2200145 i 4500
001 30910
003 ES-MaACL
007 t|
008 030127s1975 fr ||||1| fre d
100 1 _aBazin, Hervé.
_926750
245 1 0 _aMadame Ex. Roman /
_cHervé Bazin.
260 _a[París] :
_bSeuil,
_c[1975]
300 _a285 p. ;
_c21 cm.
852 _aES-MaACL
_jE-9536
_bR.94330
999 _c30910
_d30910